| 000 | 00788nam a2200193 a 4500 | ||
|---|---|---|---|
| 008 | 200805s2017 ||||||||||||||||| || u | ||
| 020 | _a9781107195394 | ||
| 050 | _aQ 342 Poo | ||
| 100 | _aMackworth, Alan K | ||
| 245 | 1 | 0 |
_aArtificial Intelligence: foundations of computational agent.(2nd edition). _cBy David L. Poole; Alan K.Mackworth |
| 250 | _a2nd edition | ||
| 260 |
_aCambridge _bCambridge University Press _c2017 |
||
| 300 | _axxviii, 792 pages : illustrations | ||
| 350 | _a84.89 | ||
| 650 | _aARTIFICIAL INTELLIGENCE--TEXTBOOKS | ||
| 650 | _aCOMPUTATIONAL INTELLIGENCE--TEXTBOOKS | ||
| 700 | _aPoole, David L | ||
| 995 |
_FCBU-MAIN LIBRARY (Kitwe) _I84.89 _M1 _UAVAILABLE _WAug 10, 2020 _ZMain Library Open Access Collection |
||
| 999 |
_c34885 _d34885 |
||